Medaily a dizajn fľaše nehovoria nič o víne
Nárast záujmu zákazníkov o kvalitnejšie prívlastkové vína. Preferencia spotrebiteľa v rámci odrody vína. Dovoz lacného zahraničného vína ako dlhodobý problém pre domáci trh. Otázka vhodného dizajnu etikety pre vína. Edukácia slovenského spotrebiteľa pri výbere vína.
Salvato in:
| Autore principale: | |
|---|---|
| Natura: | Capitolo di libro |
| Lingua: | slovacco |
| Soggetti: | |
| Tags: |
Nessun Tag, puoi essere il primo ad aggiungerne!!
|
MARC
| LEADER | 00000naa a2200000 4500 | ||
|---|---|---|---|
| 001 | 0257987 | ||
| 005 | 20190903135535.3 | ||
| 041 | 0 | |a slo | |
| 044 | |a SK | ||
| 245 | 1 | 0 | |a Medaily a dizajn fľaše nehovoria nič o víne |c Michaela Petrášová |
| 520 | |a Nárast záujmu zákazníkov o kvalitnejšie prívlastkové vína. Preferencia spotrebiteľa v rámci odrody vína. Dovoz lacného zahraničného vína ako dlhodobý problém pre domáci trh. Otázka vhodného dizajnu etikety pre vína. Edukácia slovenského spotrebiteľa pri výbere vína. | ||
| 610 | 2 | 0 | |a víno |
| 610 | 2 | 0 | |a spotreba |
| 610 | 2 | 0 | |a preferencie spotrebiteľské |
| 610 | 2 | 0 | |a spokojnosť zákazníkov |
| 610 | 2 | 0 | |a trh domáci |
| 100 | 1 | |a Petrášová, Michaela | |